Statistics for Washington Wizards NBA Finals Starters

Click here to take the quiz!

General Stats

  • This quiz has been taken 98 times
  • The average score is 4 of 12

Answer Stats

FinalsPlayers% Correct
1971, 1975, 1978, 1979Wes Unseld
96%
1975, 1978, 1979Elvin Hayes
86%
1971Gus Johnson
52%
1971Earl Monroe
38%
1978, 1979Bob Dandridge
31%
1975Phil Chenier
30%
1975Kevin Porter
14%
1971Jack Marin
7%
1978, 1979Kevin Grevey
7%
1978, 1979Tom Henderson
7%
1971Fred Carter
5%
1975Mike Riordan
5%

Score Distribution

Percentile by Number Answered

Percent of People with Each Score

Your Score History

You have not taken this quiz